00620nam a2200157 a 450000100100000000500170001000800410002704000250006824500880009326000790018130000200026050000510028004900090033195201050034099900170044500003159120200930063034.0110628s1939 dr 000 0 spa d aDO-SdBNPbspacBNPHU00aCentenario de Luperon, ofrenda del Listin a la primera espada de la restauración. aCiudad Trujillo, República Dominicana :bAcademia de la Historia,c1939. a14 p. ;c22 cm. aDiscurso pronunciado por Lic. Arturo Logroño aBNPD 0010718PDaPDbPDcCTd2011-06-28iLF1l0o p31591-10r2020-06-25w2020-06-25yLFPDZNo se presta c31083d31083